Practical VOIP security (Record no. 180782)
[ view plain ]
| 000 -LEADER | |
|---|---|
| fixed length control field | 00422nam a2200157Ia 4500 |
| 008 - FIXED-LENGTH DATA ELEMENTS--GENERAL INFORMATION | |
| fixed length control field | 231217s9999 xx 000 0 und d |
| 020 ## - INTERNATIONAL STANDARD BOOK NUMBER | |
| International Standard Book Number | 9800000000000 |
| 041 ## - LANGUAGE CODE | |
| Language code of text/sound track or separate title | English |
| 082 ## - DEWEY DECIMAL CLASSIFICATION NUMBER | |
| Classification number | 004.62 POR;1 R |
| 100 ## - MAIN ENTRY--PERSONAL NAME | |
| Personal name | Porter, ThomasKancbirz, JanZmolek, Andy et al. |
| 245 #0 - TITLE STATEMENT | |
| Title | Practical VOIP security |
| 260 ## - PUBLICATION, DISTRIBUTION, ETC. | |
| Date of publication, distribution, etc. | 2006 |
| Name of publisher, distributor, etc. | Shroff |
| Place of publication, distribution, etc. | Mumbai |
| 300 ## - PHYSICAL DESCRIPTION | |
| Extent | xxviii+563 |
| 500 ## - GENERAL NOTE | |
| General note | Content page available |
| 942 ## - ADDED ENTRY ELEMENTS (KOHA) | |
| Koha item type | Books |
| Date last seen | Total checkouts | Full call number | Accession number | Uniform resource identifier | Cost, total (INR) price | Price effective from | Category | Lost status | Damaged status | Department | Withdrawn status | Home library | Current library | Shelving location | Entry date | Vendor | Cost, normal purchase price | Grants | Billnumber | Billdate | Currency symbol | Conversion rate | Discount | Old discount |
|---|---|---|---|---|---|---|---|---|---|---|---|---|---|---|---|---|---|---|---|---|---|---|---|---|
| 26/01/2024 | 004.62 POR;1 R | 49507 | digital/contents/49507.pdf | 136.50 | 26/01/2024 | Books | Central Library | Central Library | Central Library | Central Library | 09/07/2008 | Sapna Book House | 175.00 | CS | SBH/CSB/000973 | 18/03/2009 | RS | 1 | 38.5 | 22 |
